000 00308pab a2200121 454500
008 180718b xxu||||| |||| 00| 0 eng d
100 _aKhusro, A.M
245 _aIndia's external debts - need for efficient BOP management
650 _a Debt
650 _aFinance
773 _aFinancial Express
909 _a24079
999 _c24079
_d24079